| 000 | 00647nam a2200193Ia 4500 | ||
|---|---|---|---|
| 003 | GCL | ||
| 008 | 140319s9999 xx 000 0 ara d | ||
| 040 |
_aGCL / _cGCL |
||
| 082 | 0 | 4 |
_a616.8914 _bى م |
| 100 | 1 | _aيحيى الرخاوى | |
| 245 | 1 | 0 |
_aمقدمة فى العلاج الجمعى عن البحث فى النفس والحياة / _cيحيى الرخاوى |
| 300 | _a302 ص | ||
| 490 |
_aالهيئة العامة للاستعلامات _v0 |
||
| 650 | 0 | 4 | _aالعلاج النفسى |
| 650 | 0 | 4 | _aالطب النفسى |
| 650 | 0 | 4 | _aعلم النفس العلاجى |
| 650 | 0 | 4 | _aالامراض النفسية |
| 942 |
_2ddc _cBK |
||
| 999 |
_c50911 _d50911 |
||